000 00554 a2200193 4500
001 132968
003 OSt
005 20220330112057.0
008
020 _a9780195668230
082 _a347.5401
_bS82J
100 1 _aSathe, S P
245 1 _aJudicial activism in India
_cby S P Sathe
250 _a2nd ed.
260 _aNew Delhi
_bOxford University Press
_c2012
300 _a326p.
690 _aPolitical questions and judicial power; India. Supreme Court; Judicial process; Judicial review
942 _2ddc
_cBK
999 _c7302
_d7302